Statistiken für Länder die am meisten Fläche durch den Meeresspiegelanstieg verlieren

Klicken Sie hier um das Quiz zu spielen!

Allgemein

  • Dieses Quiz wurde 142 mal gespielt
  • Das Durchschnittsergebnis liegt bei 16 aus 26

Antwortstatistiken

HinweisLänder% Korrekt
SüdamerikaBrasilien
87%
EuropaNiederlande
87%
OzeanienAustralien
85%
SüdamerikaArgentinien
83%
NordamerikaMexiko
81%
NordamerikaVereinigte Staaten
80%
NordamerikaKanada
78%
AsienChina
76%
OsteuropaRussland
76%
AsienIndien
74%
NordeuropaDänemark
72%
SüdostasienThailand
67%
EuropaFrankreich
62%
SüdostasienVietnam
62%
EuropaDeutschland
60%
SüdamerikaKolumbien
57%
SüdamerikaUruguay
56%
AsienBangladesch
53%
SüdostasienMalaysia
53%
AsienIran
47%
KleinasienIrak
43%
MittelamerikaBelize
39%
ZentralasienKasachstan
28%
WestafrikaSenegal
28%
ZentralasienUsbekistan
18%
KleinasienKuwait
17%

Verteilung der Resultate

Perzentil nach korrekt beantworteten Fragen

Anzahl Personen mit jedem Resultat

Ihre Resultats-Entwicklung

Sie haben dieses Quiz noch nicht gespielt